[Event "?"]
[Site "ICC 5 0 02/28/98, Internet Ch"]
[Date "1998.??.??"]
[Round "?"]
[White "Brause"]
[Black "brit"]
[Result "1-0"]
[WhiteElo "2530"]
[BlackElo "2070"]
[PlyCount "81"]

1. e4 e5 2. Nf3 Nc6 3. Nc3 Nf6 4. Nxe5 Nxe5 5. d4 Ng6 6. e5 Ng8 7. Bc4 Bb4 8.
Qf3 f5 9. h4 d5 10. Bb3 c6 11. Bg5 Be7 12. Bxe7 N8xe7 13. O-O-O Be6 14. h5 Nf8
15. Qf4 Qc7 16. Rh3 O-O-O 17. Na4 Rg8 18. Rc3 Kb8 19. Nc5 g5 20. hxg6 hxg6 21.
Rh1 g5 22. Qd2 f4 23. g3 fxg3 24. Rxg3 g4 25. Qb4 Ka8 26. Rg2 Bf5 27. Rg3 Ne6
28. Nxe6 Bxe6 29. Rh6 Qc8 30. Qxe7 Bf5 31. Rc3 g3 32. Rxg3 Rxg3 33. fxg3 Be4
34. Qe6 Qxe6 35. Rxe6 Rg8 36. c4 b5 37. cxd5 cxd5 38. Rd6 Rxg3 39. Bxd5+ Bxd5
40. Rd8+ Kb7 41. Rxd5 1-0

[Event "?"]
[Site "ICC 5 0 02/28/98, Internet Ch"]
[Date "1998.??.??"]
[Round "?"]
[White "Brause"]
[Black "brit"]
[Result "1-0"]
[WhiteElo "2535"]
[BlackElo "2070"]
[PlyCount "69"]

1. e4 e5 2. Nf3 Nc6 3. Nc3 Nf6 4. Nxe5 Nxe5 5. d4 Ng6 6. e5 Ng8 7. Bc4 Bb4 8.
Qf3 f5 9. h4 d5 10. Bb3 c6 11. Bg5 Be7 12. Bxe7 N8xe7 13. O-O-O Nf8 14. Rhe1
Ne6 15. Re2 Bd7 16. Rd3 Qc7 17. Qh5+ g6 18. Qf3 O-O-O 19. Red2 h6 20. Ne2 Rdf8
21. c4 g5 22. cxd5 Nxd5 23. Bxd5 cxd5+ 24. Rc3 Bc6 25. b4 a6 26. Rdc2 g4 27.
Qe3 Qb6 28. Nf4 Nxf4 29. Qxf4 Qxb4 30. e6 Qb6 31. Rxc6+ bxc6 32. Qd6 Kb7 33.
Qd7+ Qc7 34. Rb2+ Ka8 35. Qxc7 1-0

[Event "?"]
[Site "ICC 5 0 02/28/98, Internet Ch"]
[Date "1998.??.??"]
[Round "?"]
[White "Brause"]
[Black "brit"]
[Result "0-1"]
[WhiteElo "2545"]
[BlackElo "2045"]
[PlyCount "109"]

1. e4 e5 2. Nf3 Nc6 3. Nc3 Nf6 4. Nxe5 Nxe5 5. d4 Ng6 6. e5 Ng8 7. Bc4 Bb4 8.
Qf3 f5 9. h4 d5 10. Bb3 c6 11. Bg5 Be7 12. Bxe7 N8xe7 13. O-O-O Nf8 14. Rhe1
Ne6 15. Rg1 Bd7 16. Rh1 Qc7 17. Qh5+ g6 18. Qf3 O-O-O 19. Qe3 Kb8 20. Rd3 h6
21. Ne2 b5 22. Nf4 Nxf4 23. Qxf4 Be6 24. Rhh3 Nc8 25. Rhg3 Rdg8 26. a3 Qf7 27.
Rc3 Kb7 28. Kb1 Nb6 29. Rc5 Qe7 30. Rgc3 Bd7 31. a4 a6 32. Kc1 Qe6 33. Kb1 g5
34. hxg5 hxg5 35. Qc1 Rh2 36. axb5 axb5 37. Qg1 Rgh8 38. Rh3 R2xh3 39. gxh3 Qg6
40. f4 Rxh3 41. fxg5 f4 42. Ka2 Rg3 43. Qf2 Qxg5 44. Qd2 Qg8 45. Qf2 Rg1 46.
Rc3 Qa8+ 47. Ba4 Qxa4+ 48. Ra3 Qc4+ 49. b3 Qf1 50. Qxf1 Rxf1 51. b4 Nc4 52. Rd3
f3 53. e6 Bxe6 54. Rc3 f2 55. Rf3 0-1

[Event "?"]
[Site "ICC 5 0 02/28/98, Internet Ch"]
[Date "1998.??.??"]
[Round "?"]
[White "Brause"]
[Black "brit"]
[Result "1/2-1/2"]
[WhiteElo "2515"]
[BlackElo "2075"]
[PlyCount "148"]

1. e4 e5 2. Nf3 Nc6 3. Nc3 Nf6 4. Nxe5 Nxe5 5. d4 Ng6 6. e5 Ng8 7. Bc4 Bb4 8.
Qf3 f5 9. h4 d5 10. Bb3 c6 11. Bg5 Be7 12. Bxe7 N8xe7 13. O-O-O Nf8 14. Rhe1
Ne6 15. Re2 Bd7 16. Re3 Qc7 17. h5 O-O-O 18. Ne2 g5 19. hxg6 hxg6 20. Nf4 g5
21. Nxe6 Bxe6 22. Ree1 Ng6 23. Rh1 Qg7 24. Qd3 Rxh1 25. Rxh1 Rh8 26. Rxh8+ Qxh8
27. Qf1 Qh4 28. c3 Qf4+ 29. Kd1 g4 30. g3 Qf3+ 31. Kd2 f4 32. Bd1 Qe4 33. Bc2
Qf3 34. Bxg6 fxg3 35. Bd3 gxf2 36. Qe2 Qxe2+ 37. Kxe2 g3 38. Kf3 Bh3 39. Kxg3
f1=Q 40. Bxf1 Bxf1 41. Kf2 Bh3 42. Kg3 Bf5 43. Kf4 Bb1 44. a3 Kd7 45. Kg5 Ke6
46. Kf4 Bh7 47. Kf3 Kf5 48. a4 Bg6 49. a5 Bh5+ 50. Ke3 Bd1 51. b4 Bg4 52. Kd3
Kf4 53. Kd2 Ke4 54. Kc2 Ke3 55. Kb2 Kd3 56. Kb3 Be6 57. a6 bxa6 58. Kb2 Kc4 59.
Kc2 Bf5+ 60. Kb2 Bh3 61. Kc2 Bg4 62. Kd2 Bf5 63. Ke3 Kxc3 64. Kf4 Bh3 65. e6
Bxe6 66. Ke5 Bf5 67. Kf4 Kxd4 68. Kf3 Kc3 69. Kf4 Kxb4 70. Kxf5 d4 71. Ke4 Kc3
72. Ke5 d3 73. Kd6 d2 74. Kxc6 d1=Q 1/2-1/2

[Event "?"]
[Site "ICC 5 0 02/28/98, Internet Ch"]
[Date "1998.??.??"]
[Round "?"]
[White "Brause"]
[Black "brit"]
[Result "1/2-1/2"]
[WhiteElo "2505"]
[BlackElo "2090"]
[PlyCount "45"]

1. e4 e5 2. Nf3 Nc6 3. Nc3 Nf6 4. Nxe5 Nxe5 5. d4 Ng6 6. e5 Ng8 7. Bc4 Bb4 8.
Qf3 f5 9. h4 d5 10. Bg5 N8e7 11. Be2 Be6 12. h5 Nf8 13. h6 g6 14. a3 Bxc3+ 15.
Qxc3 c6 16. O-O-O Qc7 17. Rh4 O-O-O 18. Qc5 Rd7 19. Qxa7 Qb8 20. Qc5 Qc7 21.
Qa7 Qb8 22. Qc5 Qc7 23. Qa7 1/2-1/2

[Event "?"]
[Site "ICC 5 0 02/28/98, Internet Ch"]
[Date "1998.??.??"]
[Round "?"]
[White "Brause"]
[Black "brit"]
[Result "1-0"]
[WhiteElo "2490"]
[BlackElo "2100"]
[PlyCount "31"]

1. e4 e5 2. Nf3 Nc6 3. Nc3 Nf6 4. Nxe5 Nxe5 5. d4 Ng6 6. e5 Ng8 7. Bc4 Bb4 8.
Qf3 f5 9. h4 d5 10. Bg5 Be7 11. Qxd5 Qxd5 12. Nxd5 Kd8 13. Nxe7 N8xe7 14. h5
Nf8 15. h6 gxh6 16. Bf6 1-0

[Event "?"]
[Site "ICC 5 0 02/28/98, Internet Ch"]
[Date "1998.??.??"]
[Round "?"]
[White "Brause"]
[Black "brit"]
[Result "1-0"]
[WhiteElo "2495"]
[BlackElo "2100"]
[PlyCount "77"]

1. e4 e5 2. Nf3 Nc6 3. Nc3 Nf6 4. Nxe5 Nxe5 5. d4 Ng6 6. e5 Ng8 7. Bc4 Bb4 8.
Qf3 f5 9. h4 d5 10. Bg5 N8e7 11. Be2 h6 12. Bd2 O-O 13. O-O-O Be6 14. h5 Nh8
15. Qf4 Nf7 16. a3 Bxc3 17. Bxc3 a5 18. Rh3 Kh8 19. Rg3 Ng5 20. Be1 Qd7 21. Kb1
Ne4 22. Re3 c5 23. f3 cxd4 24. Rxd4 Nc6 25. Rd1 Ng5 26. Bh4 Nf7 27. Bb5 Qc7 28.
Bg3 d4 29. Ree1 Rfd8 30. Bd3 Ne7 31. Bh4 Nd5 32. Bxd8 Rxd8 33. Qxd4 Nb4 34. Qf4
Nxd3 35. Rxd3 Rxd3 36. cxd3 Qb6 37. Qa4 Qf2 38. Rc1 Ng5 39. f4 1-0

[Event "?"]
[Site "ICC 5 0 02/28/98, Internet Ch"]
[Date "1998.??.??"]
[Round "?"]
[White "Brause"]
[Black "brit"]
[Result "1-0"]
[WhiteElo "2495"]
[BlackElo "2095"]
[PlyCount "70"]

1. e4 e5 2. Nf3 Nc6 3. Nc3 Nf6 4. Nxe5 Nxe5 5. d4 Ng6 6. e5 Ng8 7. Bc4 Bb4 8.
Qf3 f5 9. h4 d5 10. Bg5 N8e7 11. Be2 h6 12. Bd2 Nf8 13. O-O-O Ne6 14. Be1 O-O
15. a3 Ba5 16. Nxd5 Qxd5 17. Qxd5 Nxd5 18. Bxa5 c6 19. Bf3 b5 20. Rh3 Bd7 21.
a4 a6 22. Kb1 f4 23. Be4 Nxd4 24. Rxd4 Bxh3 25. gxh3 g5 26. Bxd5+ cxd5 27. Rxd5
bxa4 28. hxg5 hxg5 29. e6 Rfe8 30. Rxg5+ Kh7 31. Re5 Kg6 32. e7 Kf7 33. Bd8 Ra7
34. Rf5+ Ke6 35. Rxf4 Kd7 1-0

[Event "?"]
[Site "ICC 5 0 02/28/98, Internet Ch"]
[Date "1998.??.??"]
[Round "?"]
[White "Brause"]
[Black "brit"]
[Result "1-0"]
[WhiteElo "2500"]
[BlackElo "2090"]
[PlyCount "45"]

1. e4 e5 2. Nf3 Nc6 3. Nc3 Nf6 4. Nxe5 Nxe5 5. d4 Ng6 6. e5 Ng8 7. Bc4 Bb4 8.
Qf3 f5 9. h4 d5 10. Bg5 N8e7 11. Be2 h6 12. Bd2 c5 13. a3 Ba5 14. dxc5 Nxe5 15.
Qg3 N7g6 16. Bh5 O-O 17. Bxg6 Nxg6 18. Qxg6 Qe7+ 19. Kd1 Bxc3 20. Bxc3 d4 21.
Bxd4 Rd8 22. c3 Qe6 23. Qxg7# 1-0

[Event "?"]
[Site "ICC 5 3 03/06/98, Internet Ch"]
[Date "1998.??.??"]
[Round "?"]
[White "Brause"]
[Black "zchess1"]
[Result "0-1"]
[WhiteElo "2545"]
[BlackElo "2370"]
[PlyCount "151"]

1. e4 e5 2. Nf3 Nc6 3. Nc3 Nf6 4. Nxe5 Nxe5 5. d4 Ng6 6. e5 Ng8 7. Bc4 Bb4 8.
Qf3 Bxc3+ 9. Qxc3 N8e7 10. O-O d5 11. exd6 Qxd6 12. Re1 O-O 13. Bg5 Nc6 14. d5
Nb4 15. Qb3 Bf5 16. Rac1 Bxc2 17. Rxc2 Nxc2 18. Qxc2 Rfe8 19. Be3 Nf4 20. Qb3
Rab8 21. g3 Ng6 22. Be2 b6 23. Bb5 Re5 24. Bc4 Rbe8 25. Bb5 R8e7 26. Bc6 Nf8
27. Qa4 a5 28. Qg4 Re4 29. Qf3 Nd7 30. Kh1 Nb8 31. Bb7 Ra4 32. a3 Rae4 33. Qf5
R7e5 34. Qc8+ Re8 35. Qh3 R4e5 36. Rc1 R5e7 37. Qf5 h6 38. Bf4 Qd8 39. Rc3 g5
40. Be3 Re5 41. Qg4 Re4 42. Qh5 Qd6 43. Rc1 R8e5 44. Qh3 f5 45. Rg1 Rg4 46. f3
Rxe3 47. fxg4 f4 48. Rf1 f3 49. Kg1 Kg7 50. Ba8 Nd7 51. Kh1 Ne5 52. Qh5 Re2 53.
h4 Qd8 54. Bb7 Rxb2 55. d6 cxd6 56. Bd5 Rd2 57. hxg5 Rxd5 58. Qxh6+ Kf7 59.
Qh7+ Kf8 60. Qh8+ Ke7 61. Qh7+ Nf7 62. g6 Qe8 63. g7 Qb5 64. Rc1 Qe2 65. Rc7+
Ke6 66. Qg6+ Ke5 67. Qf5+ Kd4 68. Qf4+ Kd3 69. Qc4+ Ke3 70. Qb3+ Kf2 71. Rc2
Rd2 72. Qb1 Kxg3 73. Rxd2 Qxd2 74. Qg1+ Qg2+ 75. Qxg2+ fxg2+ 76. Kg1 0-1

[Event "?"]
[Site "ICC 5 0 03/09/98, Internet Ch"]
[Date "1998.??.??"]
[Round "?"]
[White "Brause"]
[Black "ELOPLAYER"]
[Result "1-0"]
[WhiteElo "2610"]
[BlackElo "2230"]
[PlyCount "89"]

1. Nc3 Nf6 2. e4 Nc6 3. Nf3 e5 4. Nxe5 Nxe5 5. d4 Ng6 6. e5 Ng8 7. Bc4 Bb4 8.
Qf3 Qe7 9. O-O Bxc3 10. bxc3 Nh6 11. g3 O-O 12. Re1 d6 13. Bxh6 gxh6 14. exd6
Qxd6 15. Re8 Be6 16. Rxa8 Rxa8 17. Qxb7 Rf8 18. Bxe6 fxe6 19. Qxa7 e5 20. Qa4
e4 21. Qc4+ Kh8 22. a4 Qf6 23. Qe2 Qf3 24. Qxf3 exf3 25. a5 Ra8 26. a6 Ne7 27.
Kf1 Nd5 28. Ra3 Nb6 29. Ra5 Kg7 30. Ke1 Kf6 31. Rc5 Rxa6 32. Rxc7 Kg6 33. Rc6+
Kg7 34. Kd2 h5 35. Kd3 Kf7 36. Ke4 Ke7 37. c4 Kd7 38. Rh6 Ra2 39. Rxb6 Rxc2 40.
Rh6 Rxf2 41. Rxh7+ Kd8 42. Rxh5 Rc2 43. Rd5+ Ke7 44. Kxf3 Rxc4 45. h4 1-0

[Event "?"]
[Site "ICC 5 0 03/09/98, Internet Ch"]
[Date "1998.??.??"]
[Round "?"]
[White "Brause"]
[Black "ELOPLAYER"]
[Result "1-0"]
[WhiteElo "2615"]
[BlackElo "2225"]
[PlyCount "31"]

1. Nc3 Nf6 2. e4 Nc6 3. Nf3 e5 4. Nxe5 Nxe5 5. d4 Nc6 6. d5 Ne5 7. f4 Ng6 8. e5
Ng8 9. d6 cxd6 10. exd6 Qf6 11. Nb5 Kd8 12. Be3 Nxf4 13. Qd2 Qxb2 14. Qa5+ b6
15. Bxb6+ axb6 16. Qxb6+ 1-0

[Event "?"]
[Site "ICC 5 0 03/09/98, Internet Ch"]
[Date "1998.??.??"]
[Round "?"]
[White "Brause"]
[Black "ELOPLAYER"]
[Result "1-0"]
[WhiteElo "2620"]
[BlackElo "2220"]
[PlyCount "47"]

1. e4 e5 2. Nf3 Nc6 3. Nc3 Nf6 4. Nxe5 Nxe5 5. d4 Nc6 6. d5 Ne5 7. f4 Ng6 8. e5
Ng8 9. d6 cxd6 10. exd6 Qf6 11. Nb5 Kd8 12. Be3 Nxf4 13. Qd2 Ne6 14. O-O-O Nh6
15. Re1 Nf5 16. Qa5+ Ke8 17. Nc7+ Nxc7 18. Bg5+ Qe6 19. dxc7 f6 20. Bc4 Qxe1+
21. Rxe1+ Ne7 22. Qd5 d6 23. Bb5+ Bd7 24. Qxb7 1-0

[Event "?"]
[Site "ICC 5 0 03/09/98, Internet Ch"]
[Date "1998.??.??"]
[Round "?"]
[White "Brause"]
[Black "sekere"]
[Result "1-0"]
[WhiteElo "2645"]
[BlackElo "2125"]
[PlyCount "37"]

1. e4 e5 2. Nf3 Nc6 3. Nc3 Nf6 4. Nxe5 Nxe5 5. d4 Ng6 6. e5 Ng8 7. Bc4 d6 8.
Qf3 Qd7 9. O-O c6 10. exd6 Bxd6 11. Re1+ Kf8 12. Ne4 f6 13. Bxg8 Rxg8 14. Nxf6
Qf5 15. Nxh7+ Kf7 16. Qb3+ Be6 17. Rxe6 Qd5 18. Ng5+ Kf8 19. Qxb7 1-0

[Event "?"]
[Site "ICC 5 0 03/18/98, Internet Ch"]
[Date "1998.??.??"]
[Round "?"]
[White "Brause"]
[Black "janos"]
[Result "1-0"]
[WhiteElo "2450"]
[BlackElo "1690"]
[PlyCount "37"]

1. e4 e5 2. Nf3 Nc6 3. Nc3 Nf6 4. Nxe5 Nxe5 5. d4 Nc6 6. d5 Ne5 7. f4 Ng6 8. e5
Qe7 9. Qe2 Ng8 10. d6 cxd6 11. Nd5 Qd8 12. Nc7+ Qxc7 13. exd6+ Kd8 14. dxc7+
Kxc7 15. f5 N6e7 16. Qc4+ Kd8 17. Qxf7 d6 18. Qxf8+ Kc7 19. Qxg7 1-0

[Event "?"]
[Site "ICC 5 0 03/18/98, Internet Ch"]
[Date "1998.??.??"]
[Round "?"]
[White "Brause"]
[Black "KnightC"]
[Result "1-0"]
[WhiteElo "2480"]
[BlackElo "2465"]
[PlyCount "107"]

1. e4 Nc6 2. Nf3 e5 3. Nc3 Nf6 4. Nxe5 Nxe5 5. d4 Ng6 6. e5 Ng8 7. Bc4 d6 8.
Qf3 Qd7 9. O-O dxe5 10. dxe5 Bc5 11. e6 fxe6 12. Rd1 Bd6 13. Bb5 c6 14. Ne4 Nh4
15. Qh5+ g6 16. Nxd6+ Qxd6 17. Rxd6 gxh5 18. Rxc6 bxc6 19. Bxc6+ Bd7 20. Bxa8
Ne7 21. Bg5 Nef5 22. Rd1 Rg8 23. Bf6 Rf8 24. Bc3 Bb5 25. a4 Bxa4 26. Be4 Bb5
27. Bb4 Rg8 28. g3 Rg4 29. f4 a6 30. Kf2 Bd7 31. Bc3 h6 32. Bf6 Ng6 33. Bxf5
exf5 34. h3 Rxf4+ 35. gxf4 Nxf4 36. h4 Nh3+ 37. Ke2 f4 38. Rd6 Bg4+ 39. Kf1 f3
40. Rxa6 Nf4 41. c4 Nd3 42. Bd4 Bh3+ 43. Kg1 Kd7 44. Rxh6 Bg4 45. c5 Kc7 46. b3
Nb4 47. Be5+ Kd7 48. Rd6+ Kc8 49. c6 f2+ 50. Kxf2 Bf5 51. Ke3 Bg4 52. Rg6 Nxc6
53. Rxc6+ Kd7 54. Rc5 1-0

[Event "?"]
[Site "ICC 5 0 03/18/98, Internet Ch"]
[Date "1998.??.??"]
[Round "?"]
[White "Brause"]
[Black "lennyh3"]
[Result "1-0"]
[WhiteElo "2530"]
[BlackElo "1765"]
[PlyCount "96"]

1. e4 e5 2. Nf3 Nc6 3. Nc3 Nf6 4. Nxe5 Nxe5 5. d4 Nc6 6. d5 Ne5 7. f4 Ng6 8. e5
Ng8 9. d6 cxd6 10. exd6 Nf6 11. Nb5 Qb6 12. Nc7+ Kd8 13. Nxa8 Qxd6 14. Qxd6
Bxd6 15. Bc4 Re8+ 16. Kf1 Re7 17. f5 Ne5 18. Bb5 b6 19. Bf4 Bb7 20. Rd1 Bb8 21.
Nxb6 axb6 22. Bg5 Neg4 23. Kg1 h6 24. Bxf6 Nxf6 25. Bd3 Ba7 26. h3 Nd5 27. Rf1
Nb4 28. f6 gxf6 29. Bb5 Nxc2 30. Rxf6 Nb4 31. Rxh6 Nxa2 32. Rh8+ Kc7 33. Kh2
Nb4 34. Rc1+ Nc6 35. Rf8 Kd6 36. b4 Nxb4 37. Ra1 Bc6 38. Bf1 Nd5 39. g3 Ne3 40.
Bd3 Nd5 41. Rxa7 Re3 42. Bf1 Re1 43. Kg2 Ne3+ 44. Kf2 Rxf1+ 45. Kxe3 Rf3+ 46.
Kd2 Rxg3 47. h4 Rh3 48. Rh8 Rh2+ 1-0

[Event "?"]
[Site "ICC 5 0 03/18/98, Internet Ch"]
[Date "1998.??.??"]
[Round "?"]
[White "Brause"]
[Black "buzdovan"]
[Result "1-0"]
[WhiteElo "2580"]
[BlackElo "2035"]
[PlyCount "61"]

1. e4 e5 2. Nf3 Nc6 3. Nc3 Nf6 4. Nxe5 Nxe5 5. d4 Nxe4 6. Nxe4 Ng6 7. c4 Bb4+
8. Bd2 Qe7 9. Bxb4 Qxb4+ 10. Qd2 Qe7 11. O-O-O O-O 12. Re1 d6 13. h4 Qd7 14. h5
Nh8 15. h6 f5 16. hxg7 Qxg7 17. Ng5 h6 18. Nf3 Bd7 19. Rxh6 Rae8 20. Rh2 Rxe1+
21. Qxe1 Re8 22. Qa5 c6 23. Qc7 Qe7 24. Qxb7 Nf7 25. Qxa7 c5 26. Rh5 Kf8 27.
Bd3 Rd8 28. Bxf5 Bxf5 29. Qxe7+ Kxe7 30. Rxf5 cxd4 31. Rd5 1-0

[Event "?"]
[Site "ICC 5 0 03/18/98, Internet Ch"]
[Date "1998.??.??"]
[Round "?"]
[White "Brause"]
[Black "Jugular"]
[Result "0-1"]
[WhiteElo "2615"]
[BlackElo "2625"]
[PlyCount "119"]

1. e4 e5 2. Nf3 Nc6 3. Nc3 Nf6 4. Nxe5 Nxe5 5. d4 Ng6 6. e5 Ng8 7. Bc4 Bb4 8.
Qf3 Bxc3+ 9. bxc3 Qe7 10. O-O a6 11. g3 Rb8 12. a4 d6 13. Ba3 Be6 14. Rfe1 Qd7
15. exd6 Kd8 16. dxc7+ Kxc7 17. d5 Bh3 18. d6+ Kd8 19. Bxf7 Nf6 20. Bxg6 hxg6
21. Re7 Qf5 22. Qxf5 Bxf5 23. Bc5 b6 24. Bd4 Ne8 25. Be5 Bxc2 26. a5 Bd3 27.
Ra7 Rh5 28. f4 bxa5 29. d7 Rxe5 30. fxe5 Nc7 31. Rxa5 Rb5 32. Ra4 Rd5 33. Rxc7
Kxc7 34. e6 Bb5 35. Re4 Rd1+ 36. Kf2 Rf1+ 37. Ke3 Re1+ 38. Kf4 Rxe4+ 39. Kxe4
Bc4 40. e7 Kxd7 41. Kd4 Bb3 42. c4 a5 43. Kc3 Ba4 44. e8=Q+ Kxe8 45. Kd4 Kd7
46. Kd5 Bc6+ 47. Kd4 Ke6 48. c5 Bb5 49. h3 g5 50. h4 gxh4 51. gxh4 a4 52. Kc3
Kd5 53. Kb4 Bc6 54. Ka3 Kxc5 55. Kb2 Kb4 56. Ka2 a3 57. Kb1 Be4+ 58. Kc1 a2 59.
Kb2 a1=Q+ 60. Kxa1 0-1

[Event "?"]
[Site "ICC 5 0 04/17/98, Internet Ch"]
[Date "1998.??.??"]
[Round "?"]
[White "Brause"]
[Black "KillerGrob"]
[Result "1/2-1/2"]
[WhiteElo "2625"]
[BlackElo "2770"]
[PlyCount "81"]

1. e4 e5 2. Nf3 Nc6 3. Nc3 Nf6 4. Nxe5 Nxe5 5. d4 Ng6 6. e5 Ng8 7. Bc4 Bb4 8.
Qf3 Bxc3+ 9. bxc3 Qe7 10. O-O Rb8 11. Re1 b5 12. Rb1 Ba6 13. Be3 c5 14. a4 Rc8
15. axb5 cxd4 16. Bxd4 Rxc4 17. bxa6 Rc8 18. Qb7 Qd8 19. e6 fxe6 20. Bxg7 Rc7
21. Qb5 Rc6 22. Bxh8 Nxh8 23. Qd3 Ng6 24. Rb7 Nf6 25. Qb5 Qe7 26. Rxa7 Qd6 27.
Ra8+ Kf7 28. a7 Ra6 29. Qb7 Rb6 30. Qb8 Qc6 31. Qc8 Qe4 32. Rf1 Qa4 33. Qb8 Ra6
34. f4 Qc6 35. Kh1 Qc4 36. Kg1 Qc6 37. g3 Qc5+ 38. Kh1 Qc6+ 39. Kg1 Qc5+ 40.
Kh1 Qc6+ 41. Kg1 1/2-1/2

[Event "?"]
[Site "ICC 5 0 04/17/98, Internet Ch"]
[Date "1998.??.??"]
[Round "?"]
[White "Brause"]
[Black "WchessX"]
[Result "0-1"]
[WhiteElo "2675"]
[BlackElo "2865"]
[PlyCount "67"]

1. e4 e5 2. Nf3 Nc6 3. Nc3 Nf6 4. Nxe5 Nxe5 5. d4 Ng6 6. e5 Ng8 7. Bc4 Bb4 8.
Qf3 f6 9. O-O Bxc3 10. bxc3 Qe7 11. exf6 Nxf6 12. Bg5 Qf8 13. Qg3 d6 14. Rfe1+
Kd8 15. Rab1 c6 16. Rb4 Kc7 17. Rb2 Nh5 18. Qe3 h6 19. Bd3 hxg5 20. Bxg6 Nf4
21. Bd3 Be6 22. Reb1 b6 23. Be4 Re8 24. Qd2 Bd5 25. f3 Bxe4 26. fxe4 Rxe4 27.
Re1 Qe7 28. Rxe4 Qxe4 29. Kh1 Ne2 30. Qxe2 Qxe2 31. Rb1 g4 32. Kg1 g3 33. h3
Qf2+ 34. Kh1 0-1

[Event "?"]
[Site "ICC 5 0 04/17/98, Internet Ch"]
[Date "1998.??.??"]
[Round "?"]
[White "Brause"]
[Black "combatchess"]
[Result "1/2-1/2"]
[WhiteElo "2665"]
[BlackElo "2460"]
[PlyCount "44"]

1. e4 e5 2. Nf3 Nc6 3. Nc3 Nf6 4. Nxe5 Nxe5 5. d4 Ng6 6. e5 Ng8 7. Bc4 Bb4 8.
Qf3 Bxc3+ 9. bxc3 Qe7 10. O-O a5 11. a4 d6 12. Ba3 Nh4 13. Qf4 Ng6 14. Qg3 Be6
15. exd6 cxd6 16. Bb5+ Kd8 17. Rae1 Nh6 18. d5 Nf5 19. Qf3 Nfh4 20. Qg3 Nf5 21.
Qf3 Nfh4 22. Qg3 Nf5 1/2-1/2

[Event "?"]
[Site "ICC 5 0 04/17/98, Internet Ch"]
[Date "1998.??.??"]
[Round "?"]
[White "Brause"]
[Black "hugo2"]
[Result "0-1"]
[WhiteElo "2610"]
[BlackElo "2615"]
[PlyCount "97"]

1. e4 e5 2. Nf3 Nc6 3. Nc3 Nf6 4. Nxe5 Nxe5 5. d4 Ng6 6. e5 Ng8 7. Bc4 d6 8.
Qf3 f6 9. O-O dxe5 10. dxe5 Nxe5 11. Qe4 Ne7 12. Rd1 Bd7 13. Be6 c6 14. Bf4 Qc8
15. Rxd7 Nxd7 16. Rd1 Nc5 17. Bxc8 Nxe4 18. Bd7+ Kf7 19. Nxe4 Nd5 20. Bg3 Rd8
21. Bg4 Be7 22. c4 Nb6 23. c5 Rxd1+ 24. Bxd1 Nd5 25. Nd6+ Bxd6 26. cxd6 g5 27.
h4 h5 28. hxg5 fxg5 29. Be5 Rh6 30. Bf3 Ke6 31. Bg7 Rh7 32. Bd4 Kxd6 33. Bxa7
g4 34. Be4 Re7 35. Bg6 h4 36. Bf5 Kc7 37. Bd4 g3 38. Kf1 Nf4 39. Be3 Nd5 40.
Bd4 Kd6 41. f3 Ne3+ 42. Bxe3 Rxe3 43. Bc8 b6 44. Bg4 Ke5 45. Bc8 Kf4 46. Bg4 c5
47. Bh3 b5 48. Bg4 c4 49. Bh3 0-1

[Event "?"]
[Site "ICC 5 0 04/17/98, Internet Ch"]
[Date "1998.??.??"]
[Round "?"]
[White "Brause"]
[Black "hugo2"]
[Result "1-0"]
[WhiteElo "2595"]
[BlackElo "2630"]
[PlyCount "73"]

1. e4 e5 2. Nf3 Nc6 3. Nc3 Nf6 4. Nxe5 Nxe5 5. d4 Ng6 6. e5 Ng8 7. Bc4 c6 8.
Qe2 Bb4 9. Bxf7+ Kxf7 10. Qc4+ d5 11. exd6+ Be6 12. Qxb4 Nf6 13. Qxb7+ Qd7 14.
Qxd7+ Bxd7 15. Be3 Ke6 16. h4 h5 17. O-O-O Kxd6 18. Bg5 Bf5 19. Bxf6 gxf6 20.
d5 Rhe8 21. Rd2 a6 22. dxc6+ Kxc6 23. Rhd1 Re6 24. Ne2 Re5 25. Nd4+ Kb6 26.
Nxf5 Rxf5 27. g3 Re8 28. c4 a5 29. b3 Ne5 30. Rd6+ Kb7 31. f4 Nc6 32. R6d5 Ne7
33. Rd7+ Kc6 34. R1d6+ Kc5 35. Re6 Rg8 36. Rc7+ Kb4 37. Kb2 1-0

[Event "?"]
[Site "ICC 5 0 04/17/98, Internet Ch"]
[Date "1998.??.??"]
[Round "?"]
[White "Brause"]
[Black "Evarist"]
[Result "1-0"]
[WhiteElo "2640"]
[BlackElo "2435"]
[PlyCount "57"]

1. e4 e5 2. Nf3 Nc6 3. Nc3 Nf6 4. Nxe5 Nxe5 5. d4 Nc6 6. d5 Ne5 7. f4 Ng6 8. e5
Ng8 9. d6 cxd6 10. exd6 Qh4+ 11. g3 Qf6 12. Nb5 Rb8 13. Be3 b6 14. Bd4 Qe6+ 15.
Be2 Kd8 16. Qd3 Bb7 17. f5 Qe4 18. Rf1 Nh4 19. gxh4 Qxh4+ 20. Rf2 Be4 21. Qa3
Ra8 22. Qa6 Rc8 23. f6 Nxf6 24. Bxb6+ axb6 25. Qxb6+ Ke8 26. Nc7+ Kd8 27. Ne6+
Ke8 28. Qd8+ Rxd8 29. Nc7# 1-0

[Event "?"]
[Site "ICC 5 2 01/28/98, Internet Ch"]
[Date "1998.??.??"]
[Round "?"]
[White "Brause"]
[Black "dmaster"]
[Result "1-0"]
[WhiteElo "2585"]
[BlackElo "2055"]
[PlyCount "107"]

1. e4 e5 2. Nf3 Nc6 3. Nc3 Nf6 4. Nxe5 Bc5 5. Be2 O-O 6. Nxc6 dxc6 7. d3 Re8 8.
O-O Bd6 9. Bf3 Be5 10. Bd2 c5 11. g3 c6 12. Bg2 Bd4 13. Qf3 Bg4 14. Qf4 Be5 15.
Qg5 h6 16. Qe3 Bd4 17. Qe1 Qc7 18. Bf4 Qd7 19. Na4 Re7 20. c3 Be5 21. Nxc5 Qc7
22. Bxe5 Rxe5 23. d4 Ree8 24. e5 b6 25. Qd2 Nd7 26. Ne4 Rad8 27. Nd6 Re6 28.
Qf4 Bh5 29. Qh4 Bg6 30. Bxc6 Nf8 31. Bd5 Rexd6 32. exd6 Qxd6 33. Bg2 Ne6 34.
Rfe1 Ng5 35. Re5 Qf6 36. f4 Nh7 37. Qxf6 Nxf6 38. Rae1 Kf8 39. a4 a5 40. Bc6
Kg8 41. Rb5 Rd6 42. Rxb6 Be4 43. Rb8+ Kh7 44. Bxe4+ g6 45. Rb5 Nd7 46. Rxa5 Re6
47. f5 Re8 48. fxg6+ Kg7 49. gxf7 Kxf7 50. Ra7 Kf8 51. Rxd7 Rb8 52. Bd5 Rxb2
53. Rf7+ Kg8 54. Re8# 1-0

[Event "?"]
[Site "ICC 5 5 02/06/98, Internet Ch"]
[Date "1998.??.??"]
[Round "?"]
[White "Brause"]
[Black "Fabrizio"]
[Result "1/2-1/2"]
[WhiteElo "2610"]
[BlackElo "2485"]
[PlyCount "63"]

1. e4 e5 2. Nf3 Nc6 3. Nc3 Nf6 4. Nxe5 Nxe5 5. d4 Ng6 6. e5 Ng8 7. Bc4 d5 8.
Bxd5 c6 9. Be4 Be6 10. Qd3 Qd7 11. a4 a5 12. O-O N8e7 13. Re1 O-O-O 14. Be3 Bf5
15. e6 fxe6 16. Qc4 Bxe4 17. Nxe4 Qd5 18. Qd3 Nf5 19. Nc3 Qd7 20. Rad1 Bb4 21.
Bg5 Rde8 22. Qc4 h6 23. Bc1 Bxc3 24. Qxc3 Qd5 25. Qh3 h5 26. Qd3 Rd8 27. Bg5
Rd7 28. c3 Rf8 29. Qh3 Rh8 30. Qd3 Nfh4 31. Qg3 Nf5 32. Qd3 1/2-1/2

[Event "?"]
[Site "ICC 5 3 02/17/98, Internet Ch"]
[Date "1998.??.??"]
[Round "?"]
[White "Brause"]
[Black "roundball"]
[Result "1-0"]
[WhiteElo "2490"]
[BlackElo "2620"]
[PlyCount "51"]

1. e4 e5 2. Nf3 Nc6 3. Nc3 Nf6 4. Nxe5 Nxe5 5. d4 Neg4 6. e5 Nxf2 7. Kxf2 d5 8.
exf6 Qxf6+ 9. Qf3 Qxf3+ 10. Kxf3 c6 11. Bd3 Be6 12. Na4 O-O-O 13. Nc5 Bxc5 14.
dxc5 h5 15. Bg5 Rde8 16. Bf4 f6 17. Rae1 g5 18. Bd6 Bg4+ 19. Kf2 Rd8 20. Be7
Rd7 21. h3 Bxh3 22. gxh3 Rh6 23. Bf8 Rhh7 24. Re8+ Rd8 25. Rxd8+ Kxd8 26. Bxh7
1-0

[Event "?"]
[Site "ICC 5 5 03/05/98, Internet Ch"]
[Date "1998.??.??"]
[Round "?"]
[White "Brause"]
[Black "DoctorWho"]
[Result "1-0"]
[WhiteElo "2545"]
[BlackElo "2560"]
[PlyCount "197"]

1. e4 e5 2. Nf3 Nc6 3. Nc3 Nf6 4. Nxe5 Nxe5 5. d4 Nc6 6. d5 Ne7 7. e5 Nfxd5 8.
Nxd5 d6 9. Bc4 c6 10. Nc3 d5 11. Be2 d4 12. Ne4 Qa5+ 13. c3 Qxe5 14. Qxd4 Qxd4
15. cxd4 Nf5 16. Be3 Be6 17. O-O Rd8 18. Rfd1 Be7 19. Nc5 Bxc5 20. dxc5 Nxe3
21. Rxd8+ Kxd8 22. fxe3 Kc7 23. Rd1 Bxa2 24. Ra1 Be6 25. Rxa7 Rd8 26. b4 Rd2
27. Ba6 Bc8 28. Bc4 f6 29. h3 Rb2 30. Ra4 Bf5 31. g4 Bd7 32. Bf1 Be6 33. Bd3
Bd5 34. Bxh7 Rg2+ 35. Kf1 Rh2 36. Bf5 Kb8 37. g5 fxg5 38. Bg4 Be4 39. Ke1 Bg2
40. Kf2 Be4+ 41. Ke1 Rb2 42. Kd1 Bg2 43. Kc1 Rf2 44. Ra1 Be4 45. Ra3 Rc2+ 46.
Kd1 Rb2 47. Ra4 Bd5 48. Ke1 Bc4 49. Bf5 Re2+ 50. Kd1 Rxe3 51. Kd2 Rb3 52. Ra1
Bd5 53. Rg1 Rxb4 54. Rxg5 Rf4 55. Bd3 Rf2+ 56. Kc3 Rg2 57. Re5 Rg3 58. Kd4 Rxh3
59. Rg5 Rh4+ 60. Ke5 b5 61. cxb6 Kb7 62. Rxg7+ Kxb6 63. Bf5 Rh5 64. Rg6 Kc5 65.
Rg1 Rxf5+ 66. Kxf5 Bc4 67. Ke5 Kb4 68. Rg4 Kb5 69. Kd6 Bd5 70. Rf4 Bg2 71. Rf2
Be4 72. Ke5 Bd5 73. Kd4 Bb3 74. Rf5+ Kb6 75. Rc5 Kb7 76. Rc3 Bd5 77. Kc5 Kc7
78. Re3 Kc8 79. Re7 Bg2 80. Kd4 Bh3 81. Ke5 Bg4 82. Rf7 Bh3 83. Rg7 Bf1 84. Kd6
Bb5 85. Ra7 Kb8 86. Rc7 Ba4 87. Re7 Bb5 88. Rd7 Ba4 89. Kc5 Bb5 90. Kb6 Kc8 91.
Rd4 Be2 92. Kxc6 Bf3+ 93. Kb6 Bb7 94. Rc4+ Kb8 95. Rc7 Bd5 96. Rd7 Be6 97. Rd8+
Bc8 98. Rf8 Ka8 99. Rxc8# 1-0